Злочинність у сфері туристичного бізнесу: кримінологічна характеристика та запобігання (Запис № 408240)

МАРК-запис
000 -Лідер
fixed length control field 01378nam a22002777a 4500
003 - Ідентифікатор контрольного номера
control field UA-OsUOA
001 - Контрольний номер
control field 122149
007 - Фіксоване поле фізичного опису
fixed length control field ta
008 - Елементи даних фіксованої довжини – загальна інформація
fixed length control field 20170412b un ||||| |||| 00| 0 ukr d
090 ## - Локальний шифр розміщення
Класифікаційний індекс УДК 343.46:338.48
Авторський знак (НП) А66
040 ## - Джерело каталогізації
Агенція оригінальної каталогізації UA-OsUOA
Мова каталогізації ukr
Агенція, яка здійснювала перезапис UA-OsUOA
Агенція, яка здійснювала модифікацію UA-OsUOA
041 ## - Код мови
Код мови тексту/ звукової доріжки чи окремого заголовка (П) ukr
080 ## - Індекс Універсальної десяткової класифікації
Індекс Універсальної десяткової класифікації (УДК) (НП) 343.46:338.48
020 ## - Міжнародний стандартний книжковий номер (ISBN)
Міжнародний стандартний книжковий номер (ISBN) (НП) 978-617-501-118-8
100 ## - Основне введення – ім’я особи
Ім’я особи (НП) Андрушко А. В.
245 ## - Відомості про назву
Назва (НП) Злочинність у сфері туристичного бізнесу: кримінологічна характеристика та запобігання
Решта назви (НП) монографія
Дані про відповідальність (НП) І. А. Нестерова
260 ## - Публікація, розповсюдження і т.п. (Вихідні дані)
Місце публікації, розповсюдження і т.п. (П) Ужгород
Ім’я/ наймення видавництва, розповсюджувача і т.п. (П) ІВА
Дата публікації, розповсюдження і т.п. (П) 2016
300 ## - Фізичний опис
Обсяг 220 с.
591 ## - Дарувальник
Назва організації Андрушко А. В.
520 3# - Резюме і т.п.
Резюме, реферат, анотація, тощо (НП) Зміст1. Теоретичні засади кримінологічного дослідження злочинності у сфері туристичного бізнесу2. Кримінологічна характеристика та детермінація злочинності у сфері туристичного бізнесу3. Основні напрями запобігання злочинності у сфері туристично
520 3# - Резюме і т.п.
Резюме, реферат, анотація, тощо (НП) го бізнесу
650 #7 - Додаткове предметне введення – тематичний термін
Тематичний термін чи географічна назва, як елемент введення (НП) 343 Кримінальне право. Карні порушення
Джерело заголовка чи терміна UDC
942 ## - Додаткові елементи входу (Коха)
Тип елемента Koha Книги
955 ## - Код типу видання за змістом
Код типу видання за змістом (НП) Наукові видання
Фонди
Стан вилучень Стан втрат Джерело класифікації або схеми стелажів Стан уражень Не для кредиту Постійне місце розташування Поточне розміщення Дата придбання Джерело придбання Вартість, звичайна ціна покупки Інвентарний номер Повний номер виклику Штрих-код Дата останнього перегляду Ціна ефективна від Тип елемента Koha Примітка, призначена для загального доступу
    Universal Decimal Classification     ЧЗ - Читальна зала ЧЗ - Читальна зала 12/04/2017 18/2017 35.00 153631 343.46:338.48 А66 153631 09/02/2022 12/04/2017 Книги з автографом А. В. Андрушка